000 00922nam a22001457a 4500
999 _c533303
_d533303
008 260508b ||||| |||| 00| 0 eng d
100 _aEmerson, Shanimol and Nair, Sindhu S.
_960452
245 _aClimate chance and energy resilience: An analytical study of the power sector in Kerala
260 _aSocial Science in Perspective
300 _a18(1), Jan-Mar, 2026: p.110-147
520 _aKerala has been experiencing severs climate changes, mirroring a global challenge that effects multiple sectors, including energy. The state’s energy infrastructure is particularly vulnerable to rising temperatures, shafting precipitation patterns, and the increasing frequency of extreme weather events. –Reproduced
650 _aClimate change, electricity demand, Electricity supply, Kerala, Power crisis, energy efficiency, Adaptation strategies.
_960453
773 _aSocial Science in Perspective
942 _cAR